Strzelcy bramek w 3 kolejce Ekstraklasy 2021/22 - Statystyki

Ogólne statystyki
  • Ten quiz został rozwiązany 21 razy
  • Średni wynik to 8 z 15
Statystyki odpowiedzi
Mecz Piłkarz % Poprawnych
Lech Poznań - Cracovia 2:0 Kamiński
80%
Wisła Kraków - Raków Częstochowa 1:1 Cebula
75%
Lech Poznań - Cracovia 1:0 Salamon
75%
Górnik Zabrze - Stal Mielec 1:0 Jimenez
70%
Górnik Łęczna - Warta Poznań 0:1 Zrelak
70%
Wisła Kraków - Raków Częstochowa 1:2 Gutkovskis
65%
Wisła Kraków - Raków Częstochowa 1:0 Yeboah
55%
Górnik Łęczna - Warta Poznań 0:2 Corryn
50%
Górnik Łęczna - Warta Poznań 0:3 Corryn
50%
Wisła Płock - Radomiak Radom 1:0 Kolar
40%
Śląsk Wrocław - Lechia Gdańsk 1:1 Makowski
40%
Górnik Łęczna - Warta Poznań 0:4 Grzesik
35%
Jagiellonia Białystok - Termalica 1:0 Prikryl
35%
Pogoń Szczecin - Piast Gliwice 1:0 Carlos
30%
Śląsk Wrocław - Lechia Gdańsk 1:0 Stiglec
30%
Nie znaleziono quizów pasujących do podanych kryteriów
Rozkład punktacji
Procent ludzi z każdym wynikiem
Percentyl według liczby udzielonych odpowiedzi
Twoja historia wyników
Nie rozwiązałeś tego quizu